[Event "Abu Dhabi op 22nd"]
[Site "Abu Dhabi"]
[Date "2014.08.28"]
[Round "9"]
[White "Hakimifard, Ghazal"]
[Black "Marwan, Abdulwahab"]
[Result "1-0"]
[WhiteElo "2232"]
[BlackElo "2070"]
[PlyCount "73"]
[EventDate "2014.08.20"]
[EventType "swiss"]
[EventRounds "9"]
[EventCountry "UAE"]
[SourceTitle "CBM 162 Extra"]
[Source "ChessBase"]
[SourceDate "2014.10.17"]
[SourceVersion "1"]
[SourceVersionDate "2014.10.17"]
[SourceQuality "1"]

1. e4 c5 2. Nf3 e6 3. d4 cxd4 4. Nxd4 a6 5. Bd3 Nc6 6. Nxc6 dxc6 7. 0-0 e5 8. Kh1 Nf6 9. a4 h6 10. f4 Ng4 11. Qe1 Bc5 12. Nc3 Qb6 13. Nd1 Be6 14. f5 Bd7 15. a5 Qc7 16. b4 Bd4 17. c3 Ba7 18. Ne3 Nxe3 19. Bxe3 Bxe3 20. Qxe3 0-0-0 21. c4 Kb8 22. Be2 Bc8 23. Rfb1 Rd6 24. b5 Ka8 25. bxa6 bxa6 26. c5 Rd4 27. Rb6 Rhd8 28. Qf3 Ka7 29. Qf1 Rxe4 30. Bxa6 Rd2 31. Bxc8 Qxc8 32. Qf3 Ree2 33. Rg1 e4 34. Qb3 e3 35. Rb1 Rb2 36. Qxf7+ Ka8 37. R6xb2 1-0

[Event "Arab Clubs-chT"]
[Site "Marrakesh"]
[Date "2014.05.28"]
[Round "6"]
[White "Marwan, Abdulwahab"]
[Black "Sabar, Ethmane Daouda"]
[Result "1/2-1/2"]
[WhiteElo "2049"]
[BlackElo "1995"]
[PlyCount "136"]
[EventDate "2014.05.24"]
[EventType "team-swiss"]
[EventRounds "9"]
[EventCountry "MAR"]
[SourceTitle "EXT 2018"]
[Source "ChessBase"]
[SourceDate "2017.10.13"]
[SourceVersion "1"]
[SourceVersionDate "2017.10.13"]
[SourceQuality "1"]
[WhiteTeam "Abu Dhabi"]
[BlackTeam "Karama"]
[WhiteTeamCountry "UAE"]
[BlackTeamCountry "MAU"]

1. e4 c5 2. Nf3 Nc6 3. Bb5 a6 4. Bxc6 dxc6 5. d3 Bg4 6. 0-0 e6 7. Nc3 Nf6 8. Qe2 Qc7 9. h3 h5 10. Bg5 Nd7 11. Qe3 f6 12. Bf4 e5 13. Bh2 Bxf3 14. Qxf3 g5 15. Ne2 Bd6 16. Ng3 g4 17. hxg4 hxg4 18. Qxg4 0-0-0 19. Nf5 Rdg8 20. Qe2 Nf8 21. g3 Ne6 22. Kh1 Nd4 23. Nxd4 exd4 24. Rg1 Rh3 25. f4 Qh7 26. Qf2 Rg6 27. Rg2 Kc7 28. Re1 Qg7 29. Reg1 Kb6 30. Qe1 Rg4 31. Re2 Kc7 32. Rgg2 Rh5 33. c3 b6 34. Rc2 Kd7 35. Qg1 Kc7 36. a4 a5 37. cxd4 cxd4 38. b3 Kb7 39. Rc4 Qf7 40. Qxd4 Bc5 41. Qb2 Qg7 42. d4 Bb4 43. Qf2 Rh3 44. Kg1 Qh7 45. Qf3 Rg7 46. Rgc2 Rgxg3+ 47. Bxg3 Be1 48. R4c3 Rxg3+ 49. Qxg3 Bxg3 50. Rxg3 Qxe4 51. Rf2 Qxd4 52. f5 b5 53. axb5 cxb5 54. Kg2 Kb6 55. Rff3 a4 56. bxa4 Qxa4 57. Kh3 Qd1 58. Kg4 b4 59. Kh5 Qd8 60. Kg6 Qd6 61. Rd3 Qf8 62. Rde3 Kc5 63. Rgf3 Kc4 64. Rf4+ Kc5 65. Ree4 b3 66. Rb4 b2 67. Rfc4+ Kd5 68. Rd4+ Kc5 1/2-1/2

[Event "Istanbul op-A 11th"]
[Site "Istanbul"]
[Date "2012.09.05"]
[Round "6"]
[White "Kanmazalp, Ogulcan"]
[Black "Marwan, Abdulwahab"]
[Result "1/2-1/2"]
[WhiteElo "2369"]
[BlackElo "2058"]
[PlyCount "85"]
[EventDate "2012.08.30"]
[EventType "swiss"]
[EventRounds "9"]
[EventCountry "TUR"]
[SourceTitle "CBM 150 Extra"]
[Source "ChessBase"]
[SourceDate "2012.10.19"]
[SourceVersion "1"]
[SourceVersionDate "2012.10.19"]
[SourceQuality "1"]

1. e4 c5 2. Nf3 e6 3. d4 cxd4 4. Nxd4 a6 5. Be2 Qc7 6. 0-0 Nf6 7. Nc3 Be7 8. f4 d6 9. a4 0-0 10. Be3 Nc6 11. Kh1 Re8 12. Bd3 Bd7 13. Qf3 Rad8 14. Qg3 Nh5 15. Qf3 Nf6 16. Nb3 Na5 17. Nxa5 Qxa5 18. Rae1 Bc6 19. Qg3 d5 20. e5 d4 21. Bd2 Nh5 22. Qg4 dxc3 23. Bxc3 Qd5 24. Be4 Qxe4 25. Rxe4 Bxe4 26. Qxh5 Bxc2 27. a5 Rd5 28. h3 Red8 29. Qf3 Bd1 30. Qe4 g6 31. Kh2 R8d7 32. Qc4 Rc5 33. Qe4 Bb3 34. Qe3 Rb5 35. Qg3 Bc2 36. Rf2 Be4 37. Re2 Bf5 38. Qf3 Bd3 39. Re1 Rbd5 40. Rc1 Bb5 41. Re1 Bc6 42. Qg3 Bd8 43. Ra1 1/2-1/2

[Event "Istanbul op-A 11th"]
[Site "Istanbul"]
[Date "2012.09.01"]
[Round "3"]
[White "Marwan, Abdulwahab"]
[Black "Raetsky, Alexander"]
[Result "0-1"]
[WhiteElo "2058"]
[BlackElo "2445"]
[PlyCount "94"]
[EventDate "2012.08.30"]
[EventType "swiss"]
[EventRounds "9"]
[EventCountry "TUR"]
[SourceTitle "CBM 150 Extra"]
[Source "ChessBase"]
[SourceDate "2012.10.19"]
[SourceVersion "1"]
[SourceVersionDate "2012.10.19"]
[SourceQuality "1"]

1. e4 c5 2. Nf3 Nc6 3. d4 cxd4 4. Nxd4 Nf6 5. Nc3 d6 6. Bg5 e6 7. Qd2 a6 8. 0-0-0 h6 9. Bh4 Nxe4 10. Bxd8 Nxd2 11. Bb6 Nxf1 12. Rhxf1 Bd7 13. f4 Be7 14. f5 0-0 15. Ne4 Nxd4 16. Rxd4 exf5 17. Nxd6 Bc6 18. Nxf5 Bg5+ 19. Kb1 Bxg2 20. Rg1 Bh3 21. Nxg7 Kxg7 22. Rg3 Rfe8 23. Rd1 Bf5 24. h4 Re2 25. Rdg1 Rae8 26. Ba5 Rxc2 27. Ka1 f6 28. Bc3 Kg6 29. Rf3 Bg4 30. Rff1 f5 31. hxg5 hxg5 32. a4 Re4 33. a5 Be2 34. Rf2 Bd3 35. Rxc2 Bxc2 36. b4 f4 37. Bd2 Rd4 38. Rg2 Be4 39. Rf2 Kf5 40. Kb2 Rc4 41. Bc3 g4 42. Rd2 g3 43. Rd8 g2 44. Rg8 Bd5 45. Rg7 f3 46. Be1 Re4 47. Bg3 g1Q 0-1

[Event "Olympiad-39"]
[Site "Khanty-Mansiysk"]
[Date "2010.09.27"]
[Round "6.4"]
[White "Marwan, Abdulwahab"]
[Black "Teerapabpaisit, Wisuwat"]
[Result "0-1"]
[WhiteElo "2089"]
[BlackElo "2310"]
[PlyCount "122"]
[EventDate "2010.09.21"]
[EventType "team-swiss"]
[EventRounds "11"]
[EventCountry "RUS"]
[SourceTitle "CBM 139"]
[Source "ChessBase"]
[SourceDate "2010.11.18"]
[SourceVersion "1"]
[SourceVersionDate "2010.11.18"]
[SourceQuality "1"]
[WhiteTeam "United Arab Emirates"]
[BlackTeam "Thailand"]
[WhiteTeamCountry "UAE"]
[BlackTeamCountry "THA"]

1. e4 c5 2. Nf3 e6 3. d4 cxd4 4. Nxd4 a6 5. Bd3 Nf6 6. 0-0 Qc7 7. Qe2 d6 8. c4 Nc6 9. Be3 Ne5 10. h3 b6 11. Nd2 Bb7 12. Bc2 Be7 13. f4 Ned7 14. Kh1 g6 15. N4f3 Nh5 16. Qf2 0-0 17. Rac1 f5 18. Nd4 Ng7 19. b4 e5 20. Ne2 exf4 21. Nxf4 fxe4 22. Qe1 Nf6 23. Nd5 Nxd5 24. cxd5 Rxf1+ 25. Nxf1 Rf8 26. Bxe4 Qd8 27. Qd2 Nh5 28. Kg1 Rf7 29. Bf3 Ng7 30. Qd4 Bg5 31. Bxg5 Qxg5 32. Rc3 Qf6 33. Qxf6 Rxf6 34. Ne3 Ne8 35. Nc4 Rf4 36. a3 b5 37. Na5 Rf7 38. Nxb7 Rxb7 39. Rc8 Kf7 40. Rc6 Ra7 41. Kf2 Ke7 42. Ke3 Nf6 43. Rb6 Nd7 44. Rc6 Ne5 45. Rc3 Kf6 46. Be2 a5 47. Bxb5 axb4 48. axb4 Rb7 49. Be2 Rxb4 50. Ra3 Rb6 51. Ra7 h5 52. Ra4 Rb3+ 53. Kf2 Nd7 54. Re4 Kf5 55. Re6 Nc5 56. Re8 Ne4+ 57. Kg1 h4 58. Kh2 Ng3 59. Bg4+ Kf4 60. Rf8+ Kg5 61. Rd8 Rb1 0-1

[Event "UAE President Cup"]
[Site "Abu Dhabi"]
[Date "2010.06.29"]
[Round "9"]
[White "Marwan, Abdulwahab"]
[Black "Omar, Noaman"]
[Result "1/2-1/2"]
[WhiteElo "2085"]
[BlackElo "2124"]
[PlyCount "60"]
[EventDate "2010.06.21"]
[EventType "swiss"]
[EventRounds "9"]
[EventCountry "UAE"]
[SourceTitle "EXT 2012"]
[Source "ChessBase"]
[SourceDate "2011.11.24"]
[SourceVersion "1"]
[SourceVersionDate "2011.11.24"]
[SourceQuality "1"]

1. e4 c6 2. c4 d5 3. cxd5 cxd5 4. exd5 Nf6 5. Nc3 Nxd5 6. Nf3 e6 7. d4 Bb4 8. Bd2 Nc6 9. Bb5 0-0 10. 0-0 Be7 11. Nxd5 Qxd5 12. Qb3 Qxb3 13. axb3 Bd7 14. Bc3 Rfd8 15. Be2 Be8 16. Rfd1 Nb4 17. Bxb4 Bxb4 18. Ne5 f6 19. Nd3 Rxd4 20. Nxb4 Rxb4 21. Bc4 Rb6 22. Re1 Kf7 23. Rac1 Rd8 24. f4 Ke7 25. f5 e5 26. Be6 Rc6 27. b4 a6 28. Rcd1 Rxd1 29. Rxd1 Rd6 30. Rxd6 Kxd6 1/2-1/2

[Event "UAE President Cup"]
[Site "Abu Dhabi"]
[Date "2010.06.28"]
[Round "8"]
[White "Salem, AR Saleh"]
[Black "Marwan, Abdulwahab"]
[Result "1-0"]
[WhiteElo "2494"]
[BlackElo "2085"]
[PlyCount "79"]
[EventDate "2010.06.21"]
[EventType "swiss"]
[EventRounds "9"]
[EventCountry "UAE"]
[SourceTitle "EXT 2012"]
[Source "ChessBase"]
[SourceDate "2011.11.24"]
[SourceVersion "1"]
[SourceVersionDate "2011.11.24"]
[SourceQuality "1"]

1. d4 Nf6 2. c4 g6 3. Nc3 d5 4. Bg5 Ne4 5. cxd5 Nxc3 6. bxc3 Qxd5 7. Nf3 c5 8. e3 cxd4 9. Qxd4 Qxd4 10. cxd4 Nc6 11. Rb1 Bg7 12. Bd3 0-0 13. Ke2 f6 14. Bf4 e5 15. dxe5 fxe5 16. Bg3 Be6 17. a3 Bd5 18. Rb5 Bxf3+ 19. gxf3 b6 20. Be4 Rac8 21. Rd1 Rfd8 22. Rxd8+ Nxd8 23. Bxe5 Nf7 24. Bg3 Bf8 25. Rd5 Rd8 26. Rxd8 Nxd8 27. Bd5+ Nf7 28. a4 Kg7 29. Bb8 a5 30. Bxf7 Kxf7 31. Kd3 Ke6 32. Kc4 Kd7 33. Kb5 Bc5 34. Be5 Ke6 35. Bc7 Bb4 36. Bxb6 Be1 37. Bxa5 Bxf2 38. Bb6 Bg1 39. Kc6 Bxh2 40. a5 1-0

[Event "UAE President Cup"]
[Site "Abu Dhabi"]
[Date "2010.06.24"]
[Round "4"]
[White "Marwan, Abdulwahab"]
[Black "Al Kaabi, Abdulla"]
[Result "1/2-1/2"]
[WhiteElo "2085"]
[BlackElo "1865"]
[PlyCount "75"]
[EventDate "2010.06.21"]
[EventType "swiss"]
[EventRounds "9"]
[EventCountry "UAE"]
[SourceTitle "EXT 2012"]
[Source "ChessBase"]
[SourceDate "2011.11.24"]
[SourceVersion "1"]
[SourceVersionDate "2011.11.24"]
[SourceQuality "1"]

1. e4 c6 2. c4 d5 3. exd5 cxd5 4. cxd5 Nf6 5. Nc3 g6 6. Nf3 Bg7 7. Bb5+ Nbd7 8. 0-0 0-0 9. Qb3 Nb6 10. Bc4 Qc7 11. d3 Bf5 12. Re1 a6 13. Be3 Nc8 14. a4 Ng4 15. Bg5 h6 16. Bh4 g5 17. Bg3 Nd6 18. h3 Nf6 19. Qb4 Rfd8 20. Rac1 Rac8 21. Ne4 Nfe8 22. Qd2 Qb6 23. b4 Bxe4 24. a5 Qa7 25. Rxe4 Nxe4 26. dxe4 Nd6 27. Bxd6 exd6 28. h4 g4 29. Nh2 g3 30. Ng4 gxf2+ 31. Kf1 b5 32. Nxh6+ Kf8 33. Nf5 Rxc4 34. Rxc4 bxc4 35. Nxg7 Kxg7 36. Qg5+ Kh7 37. Qh5+ Kg7 38. Qg5+ 1/2-1/2

[Event "UAE President's Cup"]
[Site "Al Ain"]
[Date "2008.08.29"]
[Round "8"]
[White "Marwan, Abdulwahab"]
[Black "Al Amery, Saleh"]
[Result "1-0"]
[WhiteElo "2078"]
[BlackElo "1940"]
[PlyCount "45"]
[EventDate "2008.08.23"]
[EventType "swiss"]
[EventRounds "9"]
[EventCountry "UAE"]
[SourceTitle "CBM 126 Extra"]
[Source "ChessBase"]
[SourceDate "2008.11.05"]
[SourceVersion "1"]
[SourceVersionDate "2008.11.05"]
[SourceQuality "1"]

1. e4 c5 2. Nf3 e6 3. c4 Nc6 4. Nc3 Be7 5. d4 cxd4 6. Nxd4 a6 7. Be2 Qc7 8. 0-0 Nf6 9. Kh1 0-0 10. f4 d6 11. Be3 Bd7 12. Rc1 Rac8 13. a3 Rfd8 14. b4 Nxd4 15. Bxd4 e5 16. Be3 Qb8 17. Bb6 Re8 18. fxe5 dxe5 19. Rxf6 Bxf6 20. Qxd7 Re7 21. Qf5 Re6 22. Nd5 Bd8 23. Rf1 1-0

[Event "UAE President's Cup"]
[Site "Al Ain"]
[Date "2008.08.28"]
[Round "7"]
[White "Omar, Noaman"]
[Black "Marwan, Abdulwahab"]
[Result "1-0"]
[WhiteElo "1946"]
[BlackElo "2078"]
[PlyCount "49"]
[EventDate "2008.08.23"]
[EventType "swiss"]
[EventRounds "9"]
[EventCountry "UAE"]
[SourceTitle "CBM 126 Extra"]
[Source "ChessBase"]
[SourceDate "2008.11.05"]
[SourceVersion "1"]
[SourceVersionDate "2008.11.05"]
[SourceQuality "1"]

1. d4 Nf6 2. c4 c5 3. d5 b5 4. cxb5 a6 5. bxa6 Bxa6 6. Nc3 d6 7. e4 Bxf1 8. Kxf1 g6 9. Nf3 Bg7 10. g3 0-0 11. Kg2 Na6 12. Re1 Qb6 13. Rb1 Nc7 14. a4 Rfb8 15. b3 Ng4 16. Ne2 Rxa4 17. bxa4 Qxb1 18. Nf4 Ra8 19. Nd2 Qb4 20. Qxg4 c4 21. Qd7 c3 22. Nf3 Ne8 23. Re3 Qb1 24. Qc6 Rb8 25. Ne2 1-0

[Event "UAE President's Cup"]
[Site "Al Ain"]
[Date "2008.08.25"]
[Round "4"]
[White "Abdulkarim, Ali"]
[Black "Marwan, Abdulwahab"]
[Result "1/2-1/2"]
[WhiteElo "1906"]
[BlackElo "2078"]
[PlyCount "27"]
[EventDate "2008.08.23"]
[EventType "swiss"]
[EventRounds "9"]
[EventCountry "UAE"]
[SourceTitle "CBM 126 Extra"]
[Source "ChessBase"]
[SourceDate "2008.11.05"]
[SourceVersion "1"]
[SourceVersionDate "2008.11.05"]
[SourceQuality "1"]

1. d4 d5 2. c4 e6 3. Nc3 Nf6 4. cxd5 exd5 5. Bg5 Be7 6. e3 0-0 7. Bd3 c6 8. Qc2 Nbd7 9. Nf3 Re8 10. 0-0-0 Nf8 11. Ne5 h6 12. Bh4 Ng4 13. Bxe7 Qxe7 14. Nf3 1/2-1/2

[Event "Warsaw Najdorf Memorial op-A"]
[Site "Warsaw"]
[Date "2008.08.10"]
[Round "9"]
[White "Marwan, Abdulwahab"]
[Black "Szewczak, Andrzej"]
[Result "1-0"]
[WhiteElo "2078"]
[BlackElo "1902"]
[PlyCount "87"]
[EventDate "2008.08.02"]
[EventType "swiss"]
[EventRounds "9"]
[EventCountry "POL"]
[SourceTitle "CBM 125 Extra"]
[Source "ChessBase"]
[SourceDate "2008.09.01"]
[SourceVersion "1"]
[SourceVersionDate "2008.09.01"]
[SourceQuality "1"]

1. e4 e5 2. Nf3 Nc6 3. Bb5 a6 4. Ba4 Bc5 5. c3 b5 6. Bb3 d6 7. d3 Be6 8. Bc2 Bb6 9. Nbd2 Nge7 10. h3 Ng6 11. Nf1 Nce7 12. d4 0-0 13. Ne3 f6 14. d5 Bd7 15. g4 Bxe3 16. Bxe3 h6 17. Qd2 Qc8 18. 0-0-0 Kf7 19. Rdg1 a5 20. Ne1 Nh4 21. f4 exf4 22. Bxf4 g5 23. Bg3 Neg6 24. Rf1 Kg7 25. Rf2 Qb7 26. Rhf1 b4 27. Qd4 Ne5 28. Bxh4 gxh4 29. Ng2 bxc3 30. Qxc3 Bb5 31. Rd1 Qb6 32. Rf5 Ng6 33. g5 hxg5 34. Rxg5 Kh6 35. Rg4 Bd7 36. Qd2+ Kg7 37. Rxg6+ Kxg6 38. e5+ Kf7 39. e6+ Bxe6 40. dxe6+ Kxe6 41. Qd5+ Ke7 42. Re1+ Kd7 43. Bf5+ Kd8 44. Qxa8+ 1-0

[Event "Warsaw Najdorf Memorial op-A"]
[Site "Warsaw"]
[Date "2008.08.04"]
[Round "3"]
[White "Marwan, Abdulwahab"]
[Black "Zakhartsov, Vladimir"]
[Result "1-0"]
[WhiteElo "2078"]
[BlackElo "2023"]
[PlyCount "99"]
[EventDate "2008.08.02"]
[EventType "swiss"]
[EventRounds "9"]
[EventCountry "POL"]
[SourceTitle "CBM 125 Extra"]
[Source "ChessBase"]
[SourceDate "2008.09.01"]
[SourceVersion "1"]
[SourceVersionDate "2008.09.01"]
[SourceQuality "1"]

1. e4 c5 2. Nf3 d6 3. d4 cxd4 4. Nxd4 Nf6 5. Nc3 Nc6 6. f3 g6 7. Be3 Bg7 8. Qd2 0-0 9. Bc4 Bd7 10. 0-0-0 Rc8 11. Bb3 Ne5 12. Kb1 Re8 13. g4 b5 14. h4 h5 15. Rdg1 a5 16. gxh5 Nxh5 17. Ncxb5 Bxb5 18. Nxb5 a4 19. Bxa4 Nxf3 20. Qf2 Nxg1 21. Rxg1 Rf8 22. Bb3 e6 23. Bg5 Qa5 24. a4 Qa6 25. Be7 Rfe8 26. Bxd6 Qc6 27. Qe2 Rcd8 28. e5 Rd7 29. Qe3 Kh7 30. c3 Bh6 31. Qd4 Qf3 32. Bd1 Qf5+ 33. Bc2 Qf3 34. Be4 Qe2 35. Bc6 Red8 36. Rg2 Qf1+ 37. Ka2 Qe1 38. Rg4 Qe2 39. Qc4 Qd1 40. Rd4 Qe1 41. Bxd7 Rxd7 42. Qc8 Be3 43. Qxd7 Kg7 44. Nc7 Kg8 45. Rb4 Nf4 46. Rb8+ Kg7 47. Bf8+ Kg8 48. Bh6+ Kh7 49. Qxf7+ Kxh6 50. Rh8# 1-0

[Event "Asia-ch U18"]
[Site "Tehran"]
[Date "2008.07.18"]
[Round "4"]
[White "Marwan, Abdulwahab"]
[Black "Sadeh, Shahin"]
[Result "0-1"]
[WhiteElo "2078"]
[BlackElo "2247"]
[PlyCount "82"]
[EventDate "2008.07.16"]
[EventType "swiss"]
[EventRounds "7"]
[EventCountry "IRI"]
[SourceTitle "CBM 125 Extra"]
[Source "ChessBase"]
[SourceDate "2008.09.01"]
[SourceVersion "1"]
[SourceVersionDate "2008.09.01"]
[SourceQuality "1"]

1. e4 d6 2. d4 Nf6 3. Nc3 g6 4. Bg5 Bg7 5. Qd2 c6 6. 0-0-0 h6 7. Bf4 Qa5 8. Kb1 Na6 9. h3 Be6 10. d5 cxd5 11. exd5 Bd7 12. Re1 Rc8 13. Bxd6 0-0 14. Bxe7 Rfe8 15. Bxa6 bxa6 16. Nf3 Rb8 17. b3 Nh5 18. Ne4 Qb6 19. Bc5 Qb5 20. g4 Rxe4 21. Rxe4 Qxc5 22. gxh5 Bf5 23. Ra4 Qb5 24. Qf4 Re8 25. Rd1 Qe2 26. Rc1 Bxc2+ 27. Rxc2 Qd1+ 28. Qc1 Qxf3 29. hxg6 fxg6 30. Qd2 Qf6 31. Rcc4 Re1+ 32. Kc2 Qf5+ 33. Re4 Rxe4 34. Rxe4 Qxe4+ 35. Qd3 Qxd3+ 36. Kxd3 Kf7 37. Kc4 Ke7 38. Kc5 Kd7 39. b4 Bf8+ 40. Kc4 Kd6 41. a4 g5 0-1

[Event "Asia-ch U18"]
[Site "Tehran"]
[Date "2008.07.17"]
[Round "3"]
[White "Saravana, Krishnan P"]
[Black "Marwan, Abdulwahab"]
[Result "1-0"]
[WhiteElo "2256"]
[BlackElo "2078"]
[PlyCount "85"]
[EventDate "2008.07.16"]
[EventType "swiss"]
[EventRounds "7"]
[EventCountry "IRI"]
[SourceTitle "CBM 125 Extra"]
[Source "ChessBase"]
[SourceDate "2008.09.01"]
[SourceVersion "1"]
[SourceVersionDate "2008.09.01"]
[SourceQuality "1"]

1. e4 c5 2. Nf3 e6 3. b3 Nc6 4. Bb2 Nf6 5. e5 Nd5 6. c4 Nc7 7. Nc3 d5 8. exd6 Bxd6 9. d4 0-0 10. Ne4 cxd4 11. c5 Be7 12. Nxd4 Nd5 13. Nxc6 bxc6 14. Be2 f5 15. Qd4 Qa5+ 16. Kf1 Rf7 17. Qd2 Qd8 18. Nd6 Bxd6 19. cxd6 Qxd6 20. h4 e5 21. Re1 f4 22. Kg1 Bf5 23. Bc4 Re7 24. Qa5 e4 25. Ba3 Qe6 26. Bxe7 Re8 27. Bg5 Qd6 28. h5 h6 29. Bxd5+ cxd5 30. Bxf4 Qxf4 31. Qxd5+ Kh8 32. Qd4 Rc8 33. Qe3 Qe5 34. Qxa7 Qb2 35. Rh4 Rc1 36. Rxc1 Qxc1+ 37. Kh2 Kh7 38. Qe3 Qc7+ 39. Qg3 Qb7 40. a4 Qa7 41. Rf4 g6 42. hxg6+ Bxg6 43. Rf6 1-0

[Event "Fujairah President Cup"]
[Site "Fujairah"]
[Date "2008.01.02"]
[Round "8"]
[White "Saeed, Ishaq"]
[Black "Marwan, Abdulwahab"]
[Result "0-1"]
[WhiteElo "2152"]
[BlackElo "2077"]
[PlyCount "114"]
[EventDate "2007.12.26"]
[EventType "swiss"]
[EventRounds "9"]
[EventCountry "UAE"]
[SourceTitle "CBM 122 Extra"]
[Source "ChessBase"]
[SourceDate "2008.03.04"]
[SourceVersion "1"]
[SourceVersionDate "2008.03.04"]
[SourceQuality "1"]

1. d4 f5 2. c4 g6 3. Nc3 Bg7 4. h4 Nf6 5. h5 Nxh5 6. e4 e6 7. Rxh5 gxh5 8. Qxh5+ Kf8 9. Be3 Qe8 10. Qf3 d6 11. Bd3 Qf7 12. exf5 exf5 13. Nh3 h6 14. c5 dxc5 15. d5 Nd7 16. Nf4 Ne5 17. Bxc5+ Kg8 18. Qg3 Nxd3+ 19. Qxd3 Be5 20. Qe3 Bf6 21. 0-0-0 Bd7 22. Kb1 Re8 23. Qf3 Rh7 24. Rh1 b6 25. Be3 Bg5 26. Bd4 Re4 27. Nfe2 Rh4 28. Rxh4 Bxh4 29. Qf4 Bd8 30. Qg3+ Kf8 31. Nf4 Bg5 32. Qf3 Qe8 33. Nd3 Re7 34. a3 a5 35. g4 Kg8 36. gxf5 Qf7 37. f6 Re8 38. Ka1 h5 39. Qg3 Qg6 40. f4 Bf5 41. Ne5 Rxe5 42. fxg5 Re8 43. Ka2 Qf7 44. b3 a4 45. Nxa4 Re2+ 46. Bb2 c6 47. dxc6 Rc2 48. Nxb6 Rxc6 49. Nc4 Rxc4 50. bxc4 Qxc4+ 51. Qb3 Bb1+ 52. Kxb1 Qxb3 53. Ka1 h4 54. g6 h3 55. f7+ Kf8 56. Be5 Qd1+ 57. Ka2 Qe2+ 0-1

[Event "Fujairah President Cup"]
[Site "Fujairah"]
[Date "2007.12.30"]
[Round "5"]
[White "Abdul, Majeed Mohamad"]
[Black "Marwan, Abdulwahab"]
[Result "1-0"]
[WhiteElo "2268"]
[BlackElo "2077"]
[PlyCount "97"]
[EventDate "2007.12.26"]
[EventType "swiss"]
[EventRounds "9"]
[EventCountry "UAE"]
[SourceTitle "CBM 122 Extra"]
[Source "ChessBase"]
[SourceDate "2008.03.04"]
[SourceVersion "1"]
[SourceVersionDate "2008.03.04"]
[SourceQuality "1"]

1. e4 c5 2. Nf3 e6 3. c3 Nf6 4. e5 Nd5 5. Bc4 d6 6. d4 cxd4 7. cxd4 Be7 8. 0-0 0-0 9. Re1 Qc7 10. Bxd5 exd5 11. Nc3 Be6 12. Bg5 dxe5 13. Bxe7 Qxe7 14. Nxe5 Qb4 15. Re3 Nc6 16. Nxc6 bxc6 17. Na4 Bg4 18. f3 Bf5 19. a3 Qc4 20. Rc1 Qb5 21. b3 Rfe8 22. Rcc3 Re6 23. Rxe6 fxe6 24. Qe1 Re8 25. Qe5 Qb8 26. Qxb8 Rxb8 27. f4 Kf7 28. b4 Rc8 29. Nc5 Ke7 30. Kf2 h6 31. Kf3 g5 32. g4 Bg6 33. Re3 Be4+ 34. Nxe4 dxe4+ 35. Kxe4 gxf4 36. Kxf4 Rf8+ 37. Ke4 Rf1 38. Rh3 Re1+ 39. Kd3 Rd1+ 40. Kc3 Rg1 41. Rxh6 Rxg4 42. a4 Rg7 43. Kc4 Kd6 44. Rh8 Kc7 45. h4 Re7 46. h5 e5 47. h6 e4 48. h7 Kb7 49. Rb8+ 1-0

[Event "Fujairah President Cup"]
[Site "Fujairah"]
[Date "2007.12.29"]
[Round "4"]
[White "Marwan, Abdulwahab"]
[Black "Hassan, Abdullah"]
[Result "0-1"]
[WhiteElo "2077"]
[BlackElo "2335"]
[PlyCount "64"]
[EventDate "2007.12.26"]
[EventType "swiss"]
[EventRounds "9"]
[EventCountry "UAE"]
[SourceTitle "CBM 122 Extra"]
[Source "ChessBase"]
[SourceDate "2008.03.04"]
[SourceVersion "1"]
[SourceVersionDate "2008.03.04"]
[SourceQuality "1"]

1. e4 e6 2. d4 d5 3. Nc3 Nf6 4. Bg5 Be7 5. exd5 exd5 6. Nf3 0-0 7. Be2 h6 8. Bf4 c6 9. 0-0 Bf5 10. Rb1 a5 11. a3 Nbd7 12. Qd2 Re8 13. Bd3 Ne4 14. Bxe4 dxe4 15. Ne5 Nb6 16. Qe2 Nd5 17. Nxd5 Qxd5 18. Rbd1 Qe6 19. g4 Bh7 20. Qc4 Bd6 21. Qxe6 Rxe6 22. Bg3 e3 23. fxe3 Bxc2 24. Rd2 Bb3 25. Re1 Rae8 26. Rd3 a4 27. Kg2 Bc7 28. Nf3 Ba5 29. Nd2 Bc2 30. d5 Bxd3 31. dxe6 Rxe6 32. Rd1 Be2 0-1

[Event "Fujairah President Cup"]
[Site "Fujairah"]
[Date "2007.12.27"]
[Round "2"]
[White "Marwan, Abdulwahab"]
[Black "Omar, Noaman"]
[Result "1-0"]
[WhiteElo "2077"]
[BlackElo "1997"]
[PlyCount "51"]
[EventDate "2007.12.26"]
[EventType "swiss"]
[EventRounds "9"]
[EventCountry "UAE"]
[SourceTitle "CBM 122 Extra"]
[Source "ChessBase"]
[SourceDate "2008.03.04"]
[SourceVersion "1"]
[SourceVersionDate "2008.03.04"]
[SourceQuality "1"]

1. e4 c6 2. d3 d5 3. Nd2 e5 4. Ngf3 Bd6 5. d4 exd4 6. exd5 cxd5 7. Bb5+ Nc6 8. 0-0 Nge7 9. Nb3 0-0 10. Nbxd4 Bg4 11. Be2 Ng6 12. h3 Be6 13. Nxe6 fxe6 14. Ng5 Qf6 15. Bg4 Rae8 16. Nxe6 Rxe6 17. Qxd5 Nd8 18. Bxe6+ Qxe6 19. Rd1 Bc7 20. Be3 Ne5 21. b3 Nec6 22. c4 Be5 23. Rac1 Rf7 24. Bg5 Bc7 25. Re1 Qxd5 26. cxd5 1-0

[Event "Arab-ch U18"]
[Site "Abu Dhabi"]
[Date "2007.08.07"]
[Round "7"]
[White "Marwan, Abdulwahab"]
[Black "Aithmidou, Mohamed Mehdi"]
[Result "1/2-1/2"]
[WhiteElo "2051"]
[BlackElo "2141"]
[PlyCount "64"]
[EventDate "2007.08.01"]
[EventType "swiss"]
[EventRounds "9"]
[EventCountry "UAE"]
[SourceTitle "EXT 2010"]
[Source "ChessBase"]
[SourceDate "2010.11.25"]
[SourceVersion "1"]
[SourceVersionDate "2010.11.25"]
[SourceQuality "1"]

1. e4 c5 2. Nf3 Nc6 3. d4 cxd4 4. Nxd4 g6 5. Nc3 Bg7 6. Be3 Nf6 7. Bc4 0-0 8. Bd3 d6 9. f3 Bd7 10. Qd2 Rc8 11. 0-0-0 Ne5 12. h4 h5 13. g4 Nc4 14. Bxc4 Rxc4 15. b3 Rc8 16. Nd5 Nxg4 17. fxg4 Bxg4 18. Rdg1 e6 19. Rxg4 exd5 20. Rg5 dxe4 21. Nf5 Bf6 22. Bd4 Bxg5 23. hxg5 Qd7 24. Nh6+ Kh7 25. Qf4 f5 26. gxf6 Qb5 27. Ng4 Rxc2+ 28. Kxc2 Qd3+ 29. Kb2 Qxd4+ 30. Ka3 Qc5+ 31. Kb2 Qd4+ 32. Kb1 Qd3+ 1/2-1/2